| 000 | 01144nam0a22002771 4500 | ||
|---|---|---|---|
| 001 | rc\4431009 | ||
| 005 | 20250612081927.0 | ||
| 021 |
_aRU _b[57-39220] |
||
| 035 | _a(NLR Aleph) 008575680 | ||
| 090 |
_a8553256 _c8553256 |
||
| 100 | _a20130416d1957 |||y0rusy50 ca | ||
| 101 | 0 | _arus | |
| 102 | _aRU | ||
| 105 | _ay z ||||| | ||
| 200 | 1 |
_aДомашние задания и организация самостоятельной работы учащихся по подготовке к урокам _fВоронежский ин-т усовершенствования учителей. Кафедра педагогики ВГУ |
|
| 210 |
_aВоронеж _cБ. и. _d1957 |
||
| 215 |
_a31 с. _d20 |
||
| 225 | 1 | _aВ помощь учителю и студенту-практиканту | |
| 606 |
_aДомашние задания учащимся _2psbo |
||
| 608 |
_aСамостоятельная работа учащихся _2psbo |
||
| 700 | 1 |
_aИванов _bС.В. _f1890- _gСергей Васильевич |
|
| 801 | 0 |
_aRU _bNLR _gpsbo |
|
| 801 | 1 |
_aRU _bELAR _2rusmarc |
|
| 852 |
_aNLR _j57-4/10145 |
||
| 942 | _cBOOK | ||
| 980 | _aNB | ||